[Event "AUTO-OPEN-424"]
[Site "http://www.queenalice.com/game.php?id=119103"]
[Date "2006.10.20"]
[Round "1"]
[White "Elmago"]
[Black "Topalove"]
[Result "0-1"]
[WhiteElo "1561"]
[BlackElo "1737"]

1. e4 e6 2. d4 d5 3. Nc3 Nf6 4. Bg5 Be7 5. exd5 Nxd5 6. Bxe7 Qxe7 7. Nxd5 exd5+
8. Be2 Qb4+ 9. c3 Qxb2 10. Rc1 O-O 11. Rc2 Qa3 12. Nf3 Bf5 13. Bd3 Re8+ 14. Kf1
Bxd3+ 15. Qxd3 Nd7 16. Ng5 Nf6 17. g3 h6 18. Nf3 Ne4 19. Kg2 Re7 20. Rb1 b6 21.
Ne5 Rae8 22. Rb3 Qd6 23. f3 Nf6 24. c4 c5 25. cxd5 Qxd5 26. Qb5 cxd4 27. Nc6 Rc7
28. Qa4 d3 29. Rd2 Re2+ 0-1

[Event "AUTO-OPEN-424"]
[Site "http://www.queenalice.com/game.php?id=119148"]
[Date "2006.10.20"]
[Round "1"]
[White "faxil"]
[Black "Elmago"]
[Result "0-1"]
[WhiteElo "1394"]
[BlackElo "1650"]

1. d4 Nf6 2. c4 e6 3. a3 d5 4. cxd5 Nxd5 5. Nf3 Be7 6. e4 Nf6 7. Bd3 O-O 8. O-O
Nbd7 9. Nc3 c5 10. Be3 cxd4 0-1

[Event "AUTO-OPEN-424"]
[Site "http://www.queenalice.com/game.php?id=119149"]
[Date "2006.10.20"]
[Round "1"]
[White "Elmago"]
[Black "faxil"]
[Result "1-0"]
[WhiteElo "1663"]
[BlackElo "1394"]

1. Nf3 c6 2. d4 d5 3. c4 Bf5 4. Nc3 e6 5. e3 Nd7 6. cxd5 cxd5 7. Be2 a6 8. O-O
Nh6 9. Bd3 Bg6 10. e4 Nf6 11. e5 1-0

[Event "AUTO-BEG-37"]
[Site "http://www.queenalice.com/game.php?id=125265"]
[Date "2006.11.4"]
[Round "1"]
[White "Fernando_Bilk_Marques"]
[Black "Elmago"]
[Result "1-0"]
[WhiteElo "1432"]
[BlackElo "1552"]

1. d4 Nf6 2. c4 e6 3. Nc3 Bb4 4. Bd2 Nc6 5. Nf3 Be7 6. e4 O-O 7. e5 Ne8 8. a3 d6
9. Qc2 f6 10. exf6 Bxf6 11. Ne2 d5 12. Nf4 Nxd4 13. Nxd4 Bxd4 14. Bd3 e5 15.
Bxh7+ 1-0

[Event "AUTO-BEG-37"]
[Site "http://www.queenalice.com/game.php?id=125266"]
[Date "2006.11.4"]
[Round "1"]
[White "Elmago"]
[Black "Fernando_Bilk_Marques"]
[Result "0-1"]
[WhiteElo "1531"]
[BlackElo "1453"]

1. e4 e5 2. Nf3 Nc6 3. Bb5 a6 4. Ba4 b5 5. Bb3 Bb7 6. c3 Nf6 7. Ng5 Qe7 8. Nxf7
Rg8 9. Nxe5 Rh8 10. Nf7 Qxe4+ 11. Qe2 Qxe2+ 12. Kxe2 Na5 13. Nxh8 d5 14. Bc2 g6
0-1

[Event "AUTO-BEG-37"]
[Site "http://www.queenalice.com/game.php?id=125277"]
[Date "2006.11.4"]
[Round "1"]
[White "Muggs"]
[Black "Elmago"]
[Result "1-0"]
[WhiteElo "1280"]
[BlackElo "1505"]

1. e4 c5 2. d4 cxd4 3. Qxd4 Nc6 4. Qc3 Nf6 5. Bd3 e6 6. e5 Nd5 7. Qd2 Nxe5 8.
Ne2 Nxd3+ 9. cxd3 Be7 10. Nbc3 Nf6 11. O-O Qc7 12. b4 Bxb4 13. a3 Ba5 14. Qg5
O-O 15. Bf4 d6 16. Rac1 Bxc3 17. Rxc3 Qd7 18. Ng3 e5 19. Nf5 Qxf5 20. Qxf5 Bxf5
21. Be3 1-0

[Event "AUTO-BEG-37"]
[Site "http://www.queenalice.com/game.php?id=125278"]
[Date "2006.11.4"]
[Round "1"]
[White "Elmago"]
[Black "Muggs"]
[Result "0-1"]
[WhiteElo "1480"]
[BlackElo "1305"]

1. d4 d5 2. Nf3 Nc6 3. c4 dxc4 4. e3 Nf6 5. Bxc4 Bg4 6. h3 Bh5 7. Qb3 Na5 8.
Qb5+ Nc6 9. Ne5 a6 10. Nxc6 Qd7 11. Qxb7 Qc8 12. Qxc8+ Rxc8 13. g4 Bg6 14. f4
Be4 15. Ne5 Bxh1 16. Nxf7 Bg2 17. Nxh8 Bxh3 18. g5 Ng4 19. Nf7 e6 20. Bxe6 Rb8
0-1

[Event "AUTO-BEG-37"]
[Site "http://www.queenalice.com/game.php?id=125283"]
[Date "2006.11.4"]
[Round "1"]
[White "rodolfomaiche"]
[Black "Elmago"]
[Result "1-0"]
[WhiteElo "1442"]
[BlackElo "1593"]

1. d4 e6 2. Nf3 d5 3. g3 Nf6 4. Bg2 Be7 5. O-O Nbd7 6. Bf4 O-O 7. Qd3 c5 8. b3
a6 9. Nc3 cxd4 10. Qxd4 Nc5 11. Be5 Ncd7 12. e4 Nxe5 13. Qxe5 1-0

[Event "AUTO-OPEN-445"]
[Site "http://www.queenalice.com/game.php?id=127394"]
[Date "2006.11.9"]
[Round "1"]
[White "pomar"]
[Black "Elmago"]
[Result "1-0"]
[WhiteElo "1819"]
[BlackElo "1512"]

1. f3 e5 2. Kf2 d5 3. e3 f5 4. c4 Nf6 5. cxd5 Nxd5 6. Qb3 Nc6 7. Bc4 Nce7 8. Nc3
c6 9. Nge2 Be6 10. Qxb7 Nxc3 11. Bxe6 Nxe2 12. Kxe2 a5 13. Qb3 Nd5 14. Bxf5 a4
15. Qc4 Qb6 16. Be4 Rd8 17. Qxa4 Be7 18. b3 1-0

[Event "AUTO-OPEN-445"]
[Site "http://www.queenalice.com/game.php?id=127395"]
[Date "2006.11.9"]
[Round "1"]
[White "Elmago"]
[Black "pomar"]
[Result "0-1"]
[WhiteElo "1508"]
[BlackElo "1823"]

1. e4 e6 2. d4 d5 3. e5 c5 4. Nf3 Qb6 5. Nc3 Nc6 6. Be3 Qxb2 7. Bd2 cxd4 8. Rb1
Qa3 9. Rb3 Qa5 10. Nb5 Qxa2 11. Nc7+ Kd8 12. Nxa8 b6 13. Ng5 Nh6 14. Nf3 Bc5 15.
Bxh6 gxh6 16. Qc1 Qa5+ 17. Nd2 Bb7 0-1

[Event "AUTO-OPEN-445"]
[Site "http://www.queenalice.com/game.php?id=127406"]
[Date "2006.11.9"]
[Round "1"]
[White "Elmago"]
[Black "Artking"]
[Result "1-0"]
[WhiteElo "1674"]
[BlackElo "1824"]

1. Nf3 Nf6 2. g3 g6 3. Bg2 Bg7 4. b3 Ne4 5. c3 c5 6. d3 Nxc3 7. Qc2 Nc6 8. Nxc3
Qa5 9. Bd2 Nb4 10. Qd1 d5 11. a3 Bxc3 12. Bxc3 1-0

[Event "AUTO-OPEN-445"]
[Site "http://www.queenalice.com/game.php?id=127407"]
[Date "2006.11.9"]
[Round "1"]
[White "Artking"]
[Black "Elmago"]
[Result "1-0"]
[WhiteElo "1796"]
[BlackElo "1614"]

1. e4 e5 2. Nf3 Nc6 3. Bb5 Nge7 4. O-O a6 5. Ba4 b5 6. Bb3 d5 7. c3 dxe4 8. Ng5
Nd5 9. Nxe4 Be6 10. d3 Be7 11. Nbd2 Na5 12. Bc2 O-O 13. a4 c6 14. b4 Nb7 15.
axb5 axb5 16. Bb2 Rxa1 17. Qxa1 Bf5 18. c4 Nxb4 19. Qb1 1-0